[Event "Pan American-ch U20"]
[Site "Montevideo"]
[Date "2009.10.12"]
[Round "9"]
[White "Coppola, Claudio"]
[Black "Diaz Ordonez, Ciro"]
[Result "0-1"]
[WhiteElo "2105"]
[BlackElo "2323"]
[PlyCount "92"]
[EventDate "2009.10.06"]
[EventType "swiss"]
[EventRounds "9"]
[EventCountry "URU"]
[SourceTitle "CBM 132 Extra"]
[Source "ChessBase"]
[SourceDate "2009.11.03"]
[SourceVersion "1"]
[SourceVersionDate "2009.11.03"]
[SourceQuality "1"]

1. d4 Nf6 2. c4 g6 3. g3 Bg7 4. Bg2 0-0 5. Nc3 d6 6. Nf3 Nc6 7. 0-0 Bf5 8. d5 Na5 9. Nd2 c5 10. e4 Bd7 11. Qc2 a6 12. b3 b5 13. Bb2 Rb8 14. Rfe1 e5 15. Nd1 Ng4 16. h3 Nh6 17. f4 bxc4 18. Nxc4 Nxc4 19. Qxc4 f5 20. fxe5 Bb5 21. Qc2 dxe5 22. Nf2 Qb6 23. Rac1 Rbc8 24. Ba3 Qf6 25. exf5 gxf5 26. Bxc5 Nf7 27. a4 Bd7 28. Qe2 Rfe8 29. g4 Rb8 30. Qc4 f4 31. Ne4 Qg6 32. Kf2 h5 33. gxh5 Qxh5 34. Bf3 Qh4+ 35. Ke2 Ng5 36. Nxg5 Qxg5 37. Rg1 Qf6 38. Bh5 Kh8 39. Rcf1 Rec8 40. Rg6 Qf5 41. Bg4 Qxg6 42. Bxd7 Rc7 43. Bg4 Bf8 44. b4 Bxc5 45. bxc5 Rb2+ 46. Kf3 Rxc5 0-1

[Event "Pan American-ch U20"]
[Site "Montevideo"]
[Date "2009.10.10"]
[Round "6"]
[White "Diaz Ordonez, Ciro"]
[Black "Ibarra Chami, Luis Fernando"]
[Result "0-1"]
[WhiteElo "2323"]
[BlackElo "2393"]
[PlyCount "108"]
[EventDate "2009.10.06"]
[EventType "swiss"]
[EventRounds "9"]
[EventCountry "URU"]
[SourceTitle "CBM 132 Extra"]
[Source "ChessBase"]
[SourceDate "2009.11.03"]
[SourceVersion "1"]
[SourceVersionDate "2009.11.03"]
[SourceQuality "1"]

1. e4 e5 2. Nf3 Nc6 3. Bb5 a6 4. Ba4 d6 5. c3 Bd7 6. 0-0 g6 7. d4 Bg7 8. d5 Nce7 9. Bxd7+ Qxd7 10. c4 h6 11. b4 f5 12. Nc3 Nf6 13. Nd2 fxe4 14. Ndxe4 Nxe4 15. Nxe4 a5 16. bxa5 Rxa5 17. a4 b6 18. Bd2 Ra8 19. Ra3 0-0 20. Qa1 Nf5 21. Rb1 Nd4 22. Qa2 Ra6 23. f3 g5 24. h3 Kh8 25. a5 bxa5 26. Rxa5 Rxa5 27. Qxa5 Nxf3+ 28. gxf3 Qxh3 29. Be1 Rxf3 30. Ng3 Rxg3+ 31. Bxg3 Qxg3+ 32. Kh1 Qf3+ 33. Kg1 Qe3+ 34. Kh2 Qf4+ 35. Kg1 Qg4+ 36. Kh2 Qxc4 37. Rb8+ Kh7 38. Rb7 Qf4+ 39. Kg1 Qg3+ 40. Kh1 Qf3+ 41. Kg1 e4 42. Qxc7 Qf6 43. Qe7 Qd4+ 44. Kh2 e3 45. Qxd6 Qh4+ 46. Kg2 Qf2+ 47. Kh3 h5 48. Rxg7+ Kxg7 49. Qe7+ Kg6 50. Qe6+ Qf6 51. Qxe3 Qf5+ 52. Kg3 h4+ 53. Kg2 Qxd5+ 54. Kh3 Qh1+ 0-1

[Event "Pan American-ch U20"]
[Site "Montevideo"]
[Date "2009.10.10"]
[Round "7"]
[White "Garcia Cardenas, Pablo"]
[Black "Diaz Ordonez, Ciro"]
[Result "1-0"]
[WhiteElo "2312"]
[BlackElo "2323"]
[PlyCount "97"]
[EventDate "2009.10.06"]
[EventType "swiss"]
[EventRounds "9"]
[EventCountry "URU"]
[SourceTitle "CBM 132 Extra"]
[Source "ChessBase"]
[SourceDate "2009.11.03"]
[SourceVersion "1"]
[SourceVersionDate "2009.11.03"]
[SourceQuality "1"]

1. c4 Nf6 2. Nc3 g6 3. g3 Bg7 4. Bg2 0-0 5. d3 d6 6. Nf3 Nc6 7. Rb1 Nh5 8. 0-0 f5 9. d4 e5 10. dxe5 dxe5 11. Qxd8 Rxd8 12. e4 Nf6 13. Bg5 Rf8 14. Rfe1 Ne8 15. Nd5 Rf7 16. Bd2 h6 17. Bc3 Nd6 18. exf5 Bxf5 19. Rbc1 Re8 20. b3 Ne4 21. g4 Bxg4 22. Nxe5 Nxc3 23. Nxg4 Ne2+ 24. Kf1 Ncd4 25. Rcd1 Ref8 26. Rxe2 Nxe2 27. Kxe2 h5 28. Ndf6+ Kh8 29. Nd7 Rd8 30. Nge5 Bxe5 31. Nxe5 Re8 32. Rd8 Rfe7 33. Rxe8+ Rxe8 34. f4 g5 35. Kf2 Kg7 36. Bxb7 gxf4 37. Nd3 Rf8 38. Kf3 Kg6 39. h4 Kf5 40. Be4+ Ke6 41. Bg6 Rg8 42. Nxf4+ Ke5 43. Ke3 c5 44. Bxh5 Rg1 45. Nd3+ Kd6 46. Be2 a5 47. h5 Ke7 48. Nxc5 Ra1 49. a4 1-0

[Event "Pan American-ch U20"]
[Site "Montevideo"]
[Date "2009.10.07"]
[Round "3"]
[White "Gallego Alcaraz, Andres Felipe"]
[Black "Diaz Ordonez, Ciro"]
[Result "0-1"]
[WhiteElo "2404"]
[BlackElo "2323"]
[PlyCount "70"]
[EventDate "2009.10.06"]
[EventType "swiss"]
[EventRounds "9"]
[EventCountry "URU"]
[SourceTitle "CBM 132 Extra"]
[Source "ChessBase"]
[SourceDate "2009.11.03"]
[SourceVersion "1"]
[SourceVersionDate "2009.11.03"]
[SourceQuality "1"]

1. e4 e5 2. Nf3 Nc6 3. Bb5 a6 4. Ba4 Nf6 5. 0-0 Be7 6. Re1 b5 7. Bb3 0-0 8. c3 d5 9. exd5 Nxd5 10. Nxe5 Nxe5 11. Rxe5 c6 12. d3 Bd6 13. Re1 Bf5 14. Qf3 Qh4 15. g3 Qh3 16. Bxd5 cxd5 17. Qxd5 Rad8 18. Qg2 Qh5 19. Be3 Bh3 20. Qb7 Bb8 21. Nd2 Rxd3 22. a4 Rd7 23. Qf3 Bg4 24. Qc6 Rd6 25. Qb7 Be6 26. Qf3 Bg4 27. Qe4 f5 28. Qb4 f4 29. Bxf4 Rxd2 30. Bxd2 Rxf2 31. h3 Rg2+ 32. Kxg2 Qxh3+ 33. Kg1 Qxg3+ 34. Kf1 Qf3+ 35. Kg1 Bh2+ 0-1

[Event "Central America Carribean-ch U20"]
[Site "Medellin"]
[Date "2009.08.02"]
[Round "6"]
[White "Diaz Ordonez, Ciro"]
[Black "Ruiz Blais, Sebastian"]
[Result "1-0"]
[WhiteElo "2373"]
[BlackElo "2217"]
[PlyCount "75"]
[EventDate "2009.07.30"]
[EventType "swiss"]
[EventRounds "9"]
[EventCountry "COL"]
[SourceTitle "CBM 131 Extra"]
[Source "ChessBase"]
[SourceDate "2009.09.03"]
[SourceVersion "2"]
[SourceVersionDate "2009.09.16"]
[SourceQuality "1"]

1. d4 Nf6 2. c4 e6 3. Nc3 Bb4 4. f3 d5 5. a3 Be7 6. e4 dxe4 7. fxe4 e5 8. d5 Bc5 9. Nf3 Ng4 10. Bg5 Qd6 11. Bh4 f5 12. Bd3 f4 13. Qe2 Ne3 14. Nd1 Nxd1 15. Rxd1 Bg4 16. b4 Bd4 17. Bf2 Bc3+ 18. Kf1 a5 19. c5 Qe7 20. b5 Nd7 21. Qc2 Bxf3 22. gxf3 Bd4 23. c6 bxc6 24. Qxc6 Rb8 25. Bxd4 exd4 26. Qxc7 0-0 27. d6 Qe8 28. Qc4+ Kh8 29. Qxd4 Qh5 30. Be2 Rxb5 31. Rg1 Qh3+ 32. Ke1 Qh4+ 33. Qf2 Qxf2+ 34. Kxf2 Rh5 35. a4 Rxh2+ 36. Rg2 Rh5 37. Bb5 Rd8 38. Rg4 1-0

[Event "Capablanca Memorial op 44th"]
[Site "Havana"]
[Date "2009.06.10"]
[Round "3"]
[White "Cori Tello, Deysi Estella"]
[Black "Diaz Ordonez, Ciro"]
[Result "1-0"]
[WhiteElo "2262"]
[BlackElo "2347"]
[PlyCount "93"]
[EventDate "2009.06.08"]
[EventType "swiss"]
[EventRounds "10"]
[EventCountry "CUB"]
[SourceTitle "CBM 130 Extra"]
[Source "ChessBase"]
[SourceDate "2009.07.02"]
[SourceVersion "2"]
[SourceVersionDate "2009.07.15"]
[SourceQuality "1"]

1. d4 Nf6 2. Nf3 g6 3. c4 Bg7 4. g3 0-0 5. Bg2 d5 6. cxd5 Nxd5 7. 0-0 Nc6 8. e3 Nb6 9. Nc3 Re8 10. Re1 e5 11. d5 Na5 12. e4 Nac4 13. a4 a5 14. b3 Nd6 15. Bg5 f6 16. Be3 f5 17. Rc1 Nxe4 18. Nxe4 fxe4 19. Bxb6 cxb6 20. Nd2 Qxd5 21. Bxe4 Qd4 22. Nc4 Be6 23. Qxd4 exd4 24. Nd6 Re7 25. Bd5 Bxd5 26. Rxe7 Bf8 27. Re5 Bxb3 28. Ne4 Bxa4 29. Rc7 Kh8 30. Ng5 h6 31. Nf7+ Kg8 32. Re6 Bc2 33. Nxh6+ Bxh6 34. Rxc2 d3 35. Rc7 Bf8 36. Rxg6+ Kh8 37. Rc4 Kh7 38. Rxb6 Rd8 39. Rxb7+ Kg8 40. Rg4+ Kh8 41. Rh4+ Kg8 42. Rg4+ Kh8 43. Rb5 Kh7 44. Rb1 d2 45. Rd1 Bh6 46. Ra4 Rd5 47. Kf1 1-0

[Event "Moncada Cup 6th"]
[Site "Santiago de Cuba"]
[Date "2009.05.19"]
[Round "5"]
[White "Barrientos Chavarriaga, Sergio E"]
[Black "Diaz Ordonez, Ciro"]
[Result "1-0"]
[WhiteElo "2456"]
[BlackElo "2347"]
[PlyCount "51"]
[EventDate "2009.05.15"]
[EventType "tourn"]
[EventRounds "11"]
[EventCountry "CUB"]
[EventCategory "9"]
[SourceTitle "CBM 130 Extra"]
[Source "ChessBase"]
[SourceDate "2009.07.02"]
[SourceVersion "2"]
[SourceVersionDate "2009.07.15"]
[SourceQuality "1"]

1. e4 c5 2. Nf3 d6 3. d4 cxd4 4. Nxd4 Nf6 5. Nc3 Nc6 6. Bg5 Bd7 7. Nb3 a6 8. Be2 b5 9. 0-0 b4 10. Bxf6 gxf6 11. Nd5 Bg7 12. a3 f5 13. axb4 fxe4 14. b5 Ne5 15. Rxa6 Rxa6 16. bxa6 e6 17. Nf4 Bh6 18. Nh5 Bc6 19. Nd4 Ba8 20. Nb5 Ke7 21. Qd4 Rg8 22. Rd1 e3 23. Ng3 exf2+ 24. Qxf2 Qa5 25. Nxd6 Rd8 26. Ngf5+ 1-0

[Event "Capablanca Memorial op 43rd"]
[Site "Havana"]
[Date "2008.05.12"]
[Round "5"]
[White "Forgas Moreno, Yaniela"]
[Black "Diaz Ordonez, Ciro"]
[Result "1/2-1/2"]
[WhiteElo "2108"]
[BlackElo "2245"]
[PlyCount "108"]
[EventDate "2008.05.08"]
[EventType "swiss"]
[EventRounds "10"]
[EventCountry "CUB"]
[SourceTitle "CBM 124 Extra"]
[Source "ChessBase"]
[SourceDate "2008.07.03"]
[SourceVersion "1"]
[SourceVersionDate "2008.07.03"]
[SourceQuality "1"]

1. e4 c5 2. Nf3 d6 3. d4 cxd4 4. Nxd4 Nf6 5. Nc3 a6 6. Be2 e5 7. Nb3 Be7 8. 0-0 0-0 9. Kh1 b6 10. f4 Bb7 11. Bf3 Nbd7 12. Qe2 Rc8 13. Be3 b5 14. a3 Rxc3 15. bxc3 Nxe4 16. Bd2 f5 17. Bxe4 Bxe4 18. Be3 Qc7 19. Qd2 Nf6 20. a4 Bc6 21. axb5 Bxb5 22. fxe5 Ng4 23. exd6 Bxd6 24. Bf4 Bxf4 25. Qxf4 Qxc3 26. Rfe1 Qxc2 27. Nd4 Qc4 28. h3 Nf6 29. Rec1 Qd3 30. Rd1 Qe4 31. Qd6 Bc4 32. Re1 Qd3 33. Rad1 Ne4 34. Rxd3 Nxd6 35. Rc3 Bd5 36. Re5 Be4 37. Ra5 Ra8 38. Ne6 Nb7 39. Ra1 a5 40. Rc7 g6 41. Ng5 Nd6 42. Nxh7 Ne8 43. Re7 Bc6 44. Ng5 Bd5 45. Re5 Nf6 46. Rd1 Rd8 47. Kg1 a4 48. Re7 Ra8 49. Ne6 Bb3 50. Rc1 Ne8 51. Nc5 Bf7 52. Ra1 a3 53. Nd3 a2 54. Nb4 Bc4 1/2-1/2

[Event "Capablanca Memorial op 41st"]
[Site "Havana"]
[Date "2006.11.25"]
[Round "5"]
[White "Macias Murillo, Bryan"]
[Black "Diaz Ordonez, Ciro"]
[Result "0-1"]
[WhiteElo "2216"]
[BlackElo "2257"]
[PlyCount "112"]
[EventDate "2006.11.21"]
[EventType "swiss"]
[EventRounds "10"]
[EventCountry "CUB"]
[SourceTitle "CBM 115 Extra"]
[Source "ChessBase"]
[SourceDate "2007.01.10"]
[SourceVersion "1"]
[SourceVersionDate "2007.01.10"]
[SourceQuality "1"]

1. Nf3 Nf6 2. g3 d5 3. Bg2 c6 4. 0-0 h6 5. b3 Bf5 6. Bb2 e6 7. d4 Bd6 8. c4 0-0 9. Ba3 Bxa3 10. Nxa3 Re8 11. Nc2 Nbd7 12. Ne3 Bh7 13. Rc1 Ne4 14. Nd2 Nd6 15. Nf3 Nf6 16. Qd2 Nfe4 17. Qb2 Qe7 18. Rfd1 Rad8 19. Nd2 Nxd2 20. Rxd2 Ne4 21. Bxe4 Bxe4 22. c5 f6 23. f3 Bg6 24. Ng2 e5 25. e3 Qd7 26. Re2 Qh3 27. Qd2 Bf7 28. Rf1 g5 29. Ref2 Bh5 30. Qc3 Rd7 31. b4 Rde7 32. a4 Bg6 33. b5 h5 34. Rb2 h4 35. gxh4 gxh4 36. dxe5 fxe5 37. Rb4 e4 38. Qf6 Rg7 39. Nf4 Qf5 40. Qxf5 Bxf5+ 41. Kf2 exf3 42. Kxf3 Be4+ 43. Ke2 Kh7 44. Kd2 Reg8 45. bxc6 bxc6 46. Kc3 Kh6 47. Rb2 Rg1 48. Rff2 Rc1+ 49. Kd2 Rgg1 50. Ne6 Ra1 51. Rf6+ Rg6 52. Rxg6+ Kxg6 53. Nd4 Rh1 54. Rb7 Rxh2+ 55. Kc3 Rh1 56. Rxa7 h3 0-1